| 000 | 00869 a2200193 4500 | ||
|---|---|---|---|
| 003 | Nust | ||
| 005 | 20170207154024.0 | ||
| 010 | _a 2002106523 | ||
| 020 | _a1592000053 | ||
| 035 | _a(DLC) 2002106523 | ||
| 040 | _cNust | ||
| 100 | 1 | _aWilfred, Ashish. | |
| 245 | 1 | 0 |
_aSolaris 9 security (E-BOOK) _cAshish Wilfred. |
| 260 |
_aIndianapolis, IN : _bPemier Press, _c2002. |
||
| 300 |
_ap. _ccm. |
||
| 440 | _aNetworking | ||
| 505 | _aChapter 1 Security: An Overview 1 Chapter 2 Introduction to Cryptography 31 Chapter 3 System Startup and Data Access Security 57 Chapter 4 Network Security Tools 91 Chapter 5 Implementing System Security 123 Chapter 6 Securing the File System 153 Chapter 7 Securing Users and Applications 183 Chapter 8 Implementing Kerberos in Solaris 221 Chapter 9 Securing Networks 249 Chapter 10 Securing Web and E-Mail Services 277 | ||
| 651 | _aE-BOOK | ||
| 942 |
_2ddc _cBK |
||
| 999 |
_c191809 _d191809 |
||